The Smallest Countries by Category - Statistics

General Stats
  • This quiz has been taken 148 times
    126 since last reset
  • The average score is 11 of 15
Answer Stats
Category Countries % Correct
in the world Vatican City
100%
in Europe Vatican City
92%
in South America Suriname
87%
in North America Saint Kitts and Nevis
82%
in Oceania Nauru
81%
in the Middle East Bahrain
80%
in Central America Belize
78%
in Africa Seychelles
76%
with access to the sea Monacco
69%
in Asia Maldives
66%
Without land borders Nauru
65%
Beginning with the letter T Tuvalu
65%
bordering Russia Estonia
64%
with a 4 letter name Fiji
48%
bordering the Gulf of Guinea São Tomé
45%
No matching quizzes found
Score Distribution
Percent of People with Each Score
Percentile by Number Answered
Your Score History
You have not taken this quiz since the last reset